[Event "ICS rated blitz match"]
[Site "207.99.83.229"]
[Date "1999.05.30"]
[Round "?"]
[White "Hossa"]
[Black "Jack-Daniels"]
[Result "0-1"]
[WhiteElo "2503"]
[BlackElo "2776"]
[PlyCount "89"]

1. e4 d5 2. exd5 Nf6 3. c4 c6 4. dxc6 Nxc6 5. Nf3 e5 6. Nc3 Bb4 7. Be2 e4 8.
Ng5 Bxc3 9. dxc3 Qxd1+ 10. Bxd1 h6 11. Nh3 Bxh3 12. gxh3 Ne5 13. O-O Nxc4 14.
Ba4+ Ke7 15. f3 Ne5 16. fxe4 Nxe4 17. Be3 Ng5 18. Kg2 Ne6 19. Bb3 Nd3 20. Bd5
Rhd8 21. Bxb7 Rab8 22. Ba6 Rxb2+ 23. Kg3 Rd6 24. Bc4 Rc2 25. Rab1 Rxc3 26. Rb7+
Kd8 27. Rfxf7 Rxc4 28. Rxa7 Ne5 29. Ra8+ Rc8 30. Rxc8+ Kxc8 31. Re7 Nc6 32.
Re8+ Kd7 33. Ra8 Rd3 34. Kf2 Nc7 35. Ra4 Nd5 36. Bc1 Rxh3 37. Kg1 Rd3 38. Kf2
g5 39. a3 Nc3 40. Ra6 Ne4+ 41. Kg2 Rc3 42. Bxg5 hxg5 43. Ra4 Rc2+ 44. Kh3 Nf2+
45. Kg3 {Hossa resigns} 0-1

[Event "ICS rated blitz match"]
[Site "207.99.83.229"]
[Date "1999.05.30"]
[Round "?"]
[White "Hossa"]
[Black "SuperChicken"]
[Result "1/2-1/2"]
[WhiteElo "2497"]
[BlackElo "2750"]
[PlyCount "81"]

1. e4 e5 2. Nf3 Nc6 3. Bb5 a6 4. Ba4 Nf6 5. O-O Be7 6. Re1 b5 7. Bb3 d6 8. c3
O-O 9. h3 Na5 10. Bc2 c5 11. d4 Qc7 12. Nbd2 Re8 13. d5 Bd7 14. Qe2 Nh5 15. Nb3
Nf4 16. Bxf4 Nxb3 17. axb3 exf4 18. Qd2 g5 19. e5 Kg7 20. Qd3 Rh8 21. Qe4 dxe5
22. h4 gxh4 23. Nxe5 Bd6 24. Nxd7 Qxd7 25. Qf3 h3 26. Qxh3 Qxh3 27. gxh3 Kf6
28. Bd3 Be5 29. Kg2 b4 30. Rxa6+ Rxa6 31. Bxa6 bxc3 32. bxc3 Bxc3 33. Re4 Be5
34. Kf3 Rd8 35. Bc4 Bd6 36. Bb5 Be5 37. Bc6 Rb8 38. Ba4 Rd8 39. Bc6 Rb8 40. Ba4
Rd8 41. Bc6 {Game drawn by repetition} 1/2-1/2

[Event "ICS rated blitz match"]
[Site "207.99.83.229"]
[Date "1999.05.30"]
[Round "?"]
[White "jacdion"]
[Black "Hossa"]
[Result "1-0"]
[WhiteElo "2882"]
[BlackElo "2507"]
[PlyCount "84"]

1. e4 e5 2. Nf3 Nc6 3. Bb5 a6 4. Ba4 Nf6 5. O-O Be7 6. Re1 b5 7. Bb3 d6 8. c3
O-O 9. h3 Na5 10. Bc2 c5 11. d4 Qc7 12. Nbd2 Re8 13. Nf1 cxd4 14. cxd4 Bd7 15.
Bg5 Nc4 16. b3 Nb6 17. Ng3 Rac8 18. Rc1 Qc3 19. Nf5 Bxf5 20. exf5 Qb2 21. dxe5
dxe5 22. Rxe5 Qxa2 23. Re2 Qb2 24. Ra1 Bb4 25. Bxf6 Qxf6 26. Rxe8+ Rxe8 27.
Rxa6 Rc8 28. Qd4 Qxd4 29. Nxd4 Nd5 30. Be4 Nc3 31. Bd3 Nd1 32. Nxb5 Bc5 33. Nd6
Rb8 34. Ne4 Bb6 35. Be2 Nb2 36. b4 h6 37. Nc5 Bd8 38. Ra2 Bf6 39. Nd7 Nd3 40.
Bxd3 Rd8 41. Nxf6+ gxf6 42. Ra3 42... h5 {Hossa resigns} 1-0

[Event "ICS rated blitz match"]
[Site "207.99.83.229"]
[Date "1999.05.30"]
[Round "?"]
[White "Hossa"]
[Black "jacdion"]
[Result "1-0"]
[WhiteElo "2504"]
[BlackElo "2885"]
[PlyCount "82"]

1. e4 c5 2. Nf3 e6 3. d4 cxd4 4. Nxd4 Nf6 5. Nc3 d6 6. g4 h6 7. h4 Nc6 8. Rg1
h5 9. gxh5 Nxh5 10. Bg5 Nf6 11. Qd2 Qb6 12. Nb3 a6 13. O-O-O Bd7 14. Be3 Qd8
15. Bf4 e5 16. Bg5 Be6 17. Bd3 Be7 18. Be2 Bxb3 19. cxb3 Nd4 20. Qe3 Qa5 21.
Kb1 Qc5 22. Rc1 Nxe2 23. Qxe2 Bd8 24. Bxf6 gxf6 25. Nd5 Qb5 26. Qf3 Kf8 27.
Nxf6 b6 28. Rg3 Ke7 29. Nd5+ Ke8 30. Rg7 Rf8 31. h5 Qa5 32. h6 Qd2 33. h7 Qh6
34. Qc3 Ra7 35. Qc6+ Rd7 36. Rcg1 a5 37. Rg8 Qxh7 38. Rxf8+ Kxf8 39. Qxd7 Qxe4+
40. Ka1 Qh4 41. Qxd6+ 41... Be7 {jacdion resigns} 1-0

[Event "ICS rated blitz match"]
[Site "207.99.83.229"]
[Date "1999.05.30"]
[Round "?"]
[White "jacdion"]
[Black "Hossa"]
[Result "1-0"]
[WhiteElo "2856"]
[BlackElo "2533"]
[PlyCount "104"]

1. e4 c5 2. Nf3 e6 3. d4 cxd4 4. Nxd4 a6 5. Nc3 Qc7 6. Be2 Nc6 7. Be3 Bb4 8.
Nxc6 Bxc3+ 9. bxc3 dxc6 10. Bd4 e5 11. Bc5 Nf6 12. Qd3 Bg4 13. Bxg4 Nxg4 14.
O-O Rd8 15. Qg3 f5 16. Rab1 b5 17. Rfd1 h5 18. f3 h4 19. Qh3 Nh6 20. Qxh4 Kf7
21. c4 Rxd1+ 22. Rxd1 fxe4 23. Qxe4 Rd8 24. Re1 Kg8 25. cxb5 axb5 26. c4 bxc4
27. Qxc4+ Qf7 28. Qc2 Qf6 29. a4 Ra8 30. Bb6 Nf7 31. a5 Rc8 32. Qc5 Qg6 33. a6
Ra8 34. a7 Qf6 35. Bc7 Qh4 36. Re4 Qh6 37. Bxe5 Nxe5 38. Rxe5 Qh4 39. Qd6 Kh7
40. g4 Rd8 41. Qb4 Kg8 42. Rh5 Qf6 43. Qc4+ Kf8 44. Rh8+ Ke7 45. Qb4+ Ke6 46.
Qb3+ Ke7 47. Rxd8 Qa1+ 48. Kg2 Kxd8 49. Qb7 c5 50. a8=Q+ Qxa8 51. Qxa8+ Ke7 52.
Qg8 52... Kd6 {Hossa resigns} 1-0

[Event "ICS rated blitz match"]
[Site "207.99.83.229"]
[Date "1999.05.30"]
[Round "?"]
[White "joejan"]
[Black "Hossa"]
[Result "1-0"]
[WhiteElo "2290"]
[BlackElo "2529"]
[PlyCount "78"]

1. e4 c5 2. Nc3 e6 3. f4 Nc6 4. Nf3 d5 5. Bb5 a6 6. Bxc6+ bxc6 7. d3 Be7 8. O-O
Nf6 9. Qe1 O-O 10. Ne5 Qd6 11. Bd2 Rb8 12. b3 Nd7 13. Nf3 Kh8 14. g4 Bd8 15. g5
Bb6 16. Kh1 Bb7 17. Rd1 Qe7 18. Qh4 d4 19. Ne2 Rbd8 20. Ng3 Rde8 21. f5 Rg8 22.
Rg1 a5 23. a4 Rgf8 24. Rdf1 exf5 25. exf5 Qd6 26. f6 g6 27. Ne4 Qe6 28. Rg3 Bc8
29. Qh6 Rg8 30. Rh3 Nf8 31. Rh4 Qd5 32. Bf4 Re6 33. Nfd2 Ba6 34. Rf3 Qf5 35.
Rfh3 Qxh3 36. Rxh3 Bc8 37. Nc4 Rxe4 38. dxe4 Bxh3 39. Qxh3 39... Ne6 {
Hossa resigns} 1-0

[Event "ICS rated blitz match"]
[Site "207.99.83.229"]
[Date "1999.05.30"]
[Round "?"]
[White "Hossa"]
[Black "joejan"]
[Result "1-0"]
[WhiteElo "2503"]
[BlackElo "2325"]
[PlyCount "143"]

1. e4 c5 2. Nf3 d6 3. d4 cxd4 4. Nxd4 Nf6 5. Nc3 a6 6. f4 Qc7 7. Bd3 Nc6 8.
Nxc6 bxc6 9. O-O g6 10. Qe2 Bg7 11. e5 Nd5 12. Nxd5 cxd5 13. Qf3 e6 14. c4 Bb7
15. cxd5 Bxd5 16. Qe2 dxe5 17. Be3 O-O 18. Rac1 Qb7 19. fxe5 Bxe5 20. b3 a5 21.
Bc5 Bg7 22. Bxf8 Bxf8 23. Qd2 a4 24. Bc4 Bc6 25. Qg5 axb3 26. Bxb3 Be7 27. Qf4
Bf8 28. Rxc6 Qxc6 29. Qxf7+ Kh8 30. Qxe6 Qxe6 31. Bxe6 Bc5+ 32. Kh1 Rf8 33.
Rxf8+ Bxf8 34. g3 Kg7 35. Kg2 Kf6 36. Bg8 h6 37. Kf3 Ke5 38. Bf7 Kf6 39. Bc4
Ba3 40. Ke4 Kg5 41. Be6 Bc5 42. Ke5 h5 43. a4 h4 44. gxh4+ Kxh4 45. Kd5 Bg1 46.
h3 g5 47. a5 Be3 48. a6 Kh5 49. Bg4+ Kh6 50. Kc6 Kh7 51. Kb7 Kh8 52. Bh5 Bd4
53. Bf3 Bc5 54. a7 Bxa7 55. Kxa7 Kg7 56. Kb6 Kh8 57. Kc5 Kg7 58. Kd6 Kh8 59.
Ke7 Kg7 60. Be4 Kh6 61. Kf7 Kh5 62. Bf5 Kh6 63. Bg6 g4 64. hxg4 Kg5 65. Bh5 Kh6
66. Kf6 Kh7 67. Bf7 Kh6 68. g5+ Kh7 69. g6+ Kh6 70. g7 Kh7 71. g8=Q+ Kh6 72.
Qh8# {joejan checkmated} 1-0

[Event "ICS rated blitz match"]
[Site "207.99.83.229"]
[Date "1999.05.30"]
[Round "?"]
[White "jacdion"]
[Black "Hossa"]
[Result "1-0"]
[WhiteElo "2863"]
[BlackElo "2514"]
[PlyCount "86"]

1. e4 c5 2. Nf3 g6 3. c3 Bg7 4. d4 cxd4 5. cxd4 Nc6 6. Nc3 Nf6 7. d5 Na5 8. e5
Ng4 9. Qd4 d6 10. Qa4+ Kf8 11. e6 Nf6 12. exf7 Kxf7 13. b4 Nxd5 14. Nxd5 Bxa1
15. bxa5 Bf5 16. Qb4 Rc8 17. Bd2 Qd7 18. Bc4 e6 19. Ng5+ Kg8 20. O-O Be5 21.
Nf4 d5 22. Bb3 Bd6 23. Qd4 Bc5 24. Qf6 Rf8 25. Qe5 Bd6 26. Qd4 Bxf4 27. Bxf4
Qd8 28. Be5 Qxg5 29. Bxh8 Rf7 30. Be5 Be4 31. Bg3 a6 32. Qc3 Qf5 33. f3 Bb1 34.
Bd6 h6 35. g4 Qd3 36. Qc8+ Kh7 37. Qxe6 Qd4+ 38. Kg2 Qb2+ 39. Kg3 Qf6 40. Qxd5
Bd3 41. Rc1 Rg7 42. Rc7 Qxd6+ 43. Qxd6 43... Rxc7 {Hossa resigns} 1-0

[Event "ICS rated blitz match"]
[Site "207.99.83.229"]
[Date "1999.05.30"]
[Round "?"]
[White "Hossa"]
[Black "jacdion"]
[Result "0-1"]
[WhiteElo "2510"]
[BlackElo "2867"]
[PlyCount "87"]

1. e4 c5 2. Nf3 e6 3. d4 cxd4 4. Nxd4 Nf6 5. Nc3 d6 6. g4 h6 7. h4 Nc6 8. Rg1
h5 9. gxh5 Nxh5 10. Bg5 Nf6 11. Qd2 Qb6 12. Nb3 Bd7 13. O-O-O a6 14. Rg3 Qc7
15. Bg2 Nh5 16. Rd3 f6 17. Be3 Ne5 18. Rd4 a5 19. Qe2 a4 20. Nd2 a3 21. Rb4
axb2+ 22. Kxb2 Be7 23. Bf3 Nxf3 24. Bb6 Qc8 25. Qxf3 d5 26. Rb3 e5 27. Qg2 d4
28. Ra1 dxc3+ 29. Rxc3 Bc6 30. Qg6+ Kf8 31. Be3 Bb4 32. Rd3 Bb5 33. Rb3 Ba4 34.
c4 Bxd2 35. Bxd2 Qxc4 36. Rc1 Qd4+ 37. Bc3 Qxf2+ 38. Rc2 Qa7 39. Bb4+ Kg8 40.
Bc5 Qb8 41. Rg2 Bxb3 42. axb3 Qc7 43. Rc2 Qa5 44. Qg1 {Hossa resigns} 0-1

[Event "ICS rated blitz match"]
[Site "207.99.83.229"]
[Date "1999.05.30"]
[Round "?"]
[White "Hossa"]
[Black "Beadle"]
[Result "0-1"]
[WhiteElo "2530"]
[BlackElo "2610"]
[PlyCount "83"]

1. e4 Nf6 2. e5 Nd5 3. Nf3 d6 4. Bb5+ c6 5. Be2 dxe5 6. Nxe5 Nd7 7. d4 Nxe5 8.
dxe5 Bf5 9. O-O Nb4 10. Na3 e6 11. c3 Nd3 12. Nc4 b5 13. Ne3 Nxe5 14. Nxf5 exf5
15. Qc2 Qf6 16. a4 b4 17. Rd1 Bc5 18. cxb4 Bxb4 19. f4 Ng6 20. Bf3 Ne7 21. Qf2
O-O 22. Be3 a5 23. Rd3 Qe6 24. Rad1 Rfe8 25. Qg3 Nd5 26. Bd4 g6 27. Qg5 Rad8
28. Kh1 Nc3 29. Re3 Qxe3 30. Bxe3 Nxd1 31. Bg1 Rd6 32. b3 Re1 33. Qh4 Rf1 34.
h3 Bc5 35. Qe7 Bxg1 36. Qe8+ Kg7 37. Bxd1 Rdxd1 38. Qe2 Bf2+ 39. Qxf1 Rxf1+ 40.
Kh2 Bg1+ 41. Kh1 Be3+ 42. Kh2 {Hossa resigns} 0-1

[Event "ICS rated blitz match"]
[Site "207.99.83.229"]
[Date "1999.05.30"]
[Round "?"]
[White "Cocovitsch"]
[Black "Hossa"]
[Result "0-1"]
[WhiteElo "2384"]
[BlackElo "2518"]
[Annotator "Fritz 5.32 (22s)"]
[PlyCount "53"]

1. d4 1... d5 {Opening = D35 - 3.Nc3 Nf6(4.cd5 ed5 5.Bg5 c6 6.---)} 2. c4 e6 3.
Nc3 Nf6 4. cxd5 exd5 5. Bg5 Be7 6. e3 h6 7. Bh4 O-O 8. Bd3 b6 9. Qc2 (9. Nge2
Bb7 10. f3 c5 11. O-O Nbd7 12. Qd2 Re8 13. Bf2 Bf8 14. a3 g6 15. Bc2 Bg7 16.
Rad1 Qe7 17. g4 cxd4 18. exd4 Nf8 19. Nf4 Qd7 20. Nd3 Ne6 21. Ba4 Ng5 22. Bg3
Qd8 23. Bxe8 23... Nxe8 {Arlandi,E-Castillo Melenes,O/Moscow olm 1994/1-0 (41)}
) 9... c5 $146 (9... a6 10. Nf3 Bb7 11. O-O Nbd7 12. Rac1 c5 13. dxc5 Nxc5 14.
Bf5 Nfe4 15. Bxe7 Qxe7 16. Rfd1 Rfd8 17. b4 Nxc3 18. Qxc3 Ne6 19. Bxe6 fxe6 20.
Qc7 Qxc7 21. Rxc7 Rab8 22. Nd4 Re8 23. Rdc1 Rec8 24. Nxe6 Kh8 25. Kf1 g6 26.
Nf4 Rxc7 27. Rxc7 g5 28. Ng6+ Kg8 29. Ne7+ Kf8 30. Nf5 h5 31. Ng7 {
1-0 Lissowska Anna-Hoc Alina/Ch Poland (team), Bydgoszcz (Poland) (6 1990 (31)}
) (9... Be6 10. Nf3 c5 11. O-O Nc6 12. Bb5 Nb4 13. Qd2 a6 14. Be2 c4 15. Ne5
Qe8 16. a4 Nc6 17. f4 17... Na5 {
0-1 Oeztuerkeri,I-Goguadze,M/EuYouth U12 Boys, Tallinn EST 1997 (17)}) (9...
Bb7 10. Bxf6 Bxf6 11. O-O-O Nc6 12. a3 Ne7 13. Nf3 c5 14. h4 cxd4 15. exd4 Qd6
16. Qd2 Bc8 17. Rde1 a6 18. Ne5 Nf5 19. Bxf5 Bxf5 20. g4 Be4 21. f3 Bxe5 22.
dxe5 Qc5 23. Rhf1 d4 24. Rxe4 dxc3 25. Qxc3 Qb5 26. Rc4 Rac8 27. Rxc8 Qxf1+ 28.
Kc2 Qe2+ 29. Kb1 Qd1+ 30. Ka2 Qd5+ 31. Qc4 Qxf3 32. e6 Rxc8 33. Qxc8+ Kh7 34.
e7 Qd5+ 35. Kb1 Qd1+ 36. Qc1 Qd7 37. Qc2+ g6 38. Qe4 Qe8 39. Qe5 Kg8 40. Qd6 f5
41. Qe6+ Kg7 42. h5 {
1-0 Vladimirov Boris T-Pietzsch Wolfgang/It, Moscow (Russia) (7) 1963 (42)}) (
9... Ba6 10. Nf3 Bxd3 11. Qxd3 Re8 12. Ne5 c6 13. O-O Nfd7 14. Bg3 Nxe5 15.
dxe5 Nd7 16. f4 Bh4 17. Rf3 Re6 18. Rd1 Bxg3 19. Rxg3 Qe8 20. b4 Nf8 21. e4
dxe4 22. Nxe4 Rg6 23. Rf3 Qe7 24. Nd6 {Szekeres,T-Hajdu,I/HUN-chT 1993/1-0 (39)
}) (9... Na6 10. a3 $11) 10. Nf3 (10. Bxf6 Bxf6 11. Nxd5 11... Bxd4 $11) 10...
Bg4 $16 (10... Nc6 $5 $11 $142 {sieht noch spielbar aus}) 11. Ne5 $11 (11. Bxf6
$5 11... Bxf6 12. Nxd5 Qxd5 13. Bh7+ Kh8 14. Be4 $14) 11... Be6 12. O-O Kh8 13.
f4 13... Nfd7 $16 (13... c4 14. Bf5 Qc8 15. Bxe6 15... Qxe6 $16) 14. Bxe7 14...
Qxe7 {Nun geraet Weiss unter starken Druck.} 15. Rf3 $15 (15. Nxd7 $142 15...
Bxd7 16. Nxd5 $16) 15... Nxe5 16. fxe5 {Raumgewinn} 16... Nc6 17. Ne2 $15 (17.
Qf2 Nb4 18. Bf5 18... Rad8 $11) 17... Bg4 18. Rg3 Nb4 19. Qd2 Qh4 20. a3 $17 (
20. Rf1 Nxd3 (20... Nxa2 $143 21. Rf4 h5 22. Bf5 $16) 21. Qxd3 21... a6 $11)
20... Nxd3 21. Qxd3 Bxe2 22. Qxe2 cxd4 23. Rg4 23... d3 {
Der Freibauer marschiert} 24. Qf3 Qh5 25. Rd1 (25. Rd4 Qxe5 26. Rd1 26... Rfd8
$17) 25... Rfe8 26. Rxd3 Rxe5 27. Rxd5 $4 $19 {vergroessert seine Probleme} (
27. Rf4 $142 27... Qxf3 28. Rxf3 $17) 0-1

[Event "ICS rated blitz match"]
[Site "207.99.83.229"]
[Date "1999.05.30"]
[Round "?"]
[White "Hossa"]
[Black "kyu"]
[Result "1-0"]
[WhiteElo "2528"]
[BlackElo "2196"]
[PlyCount "76"]

1. e4 d6 2. d4 c6 3. Nc3 Nf6 4. Nf3 Bg4 5. Be2 Nbd7 6. O-O e5 7. d5 c5 8. Ng5
Bxe2 9. Qxe2 Be7 10. f4 O-O 11. fxe5 Nxe5 12. Nf3 Nfd7 13. Nxe5 Nxe5 14. Qh5 a6
15. Bf4 Bf6 16. Bxe5 Bxe5 17. Rab1 Qe7 18. Ne2 g6 19. Qg4 Bg7 20. b4 c4 21.
Rbe1 b5 22. Rf3 Rae8 23. Ng3 Qe5 24. Qd7 Rd8 25. Qc6 Ra8 26. Ref1 Qe7 27. Rxf7
Rxf7 28. Qxa8+ Rf8 29. Qxa6 Bd4+ 30. Kh1 Rxf1+ 31. Nxf1 Qf6 32. Qc8+ Kg7 33.
Qd7+ Kh6 34. Qh3+ Kg7 35. Qf3 Qxf3 36. gxf3 Kf6 37. Ng3 Ke5 38. Ne2 38... Be3 {
kyu resigns} 1-0

[Event "ICS rated blitz match"]
[Site "207.99.83.229"]
[Date "1999.05.30"]
[Round "?"]
[White "Data"]
[Black "Hossa"]
[Result "1-0"]
[WhiteElo "2770"]
[BlackElo "2532"]
[PlyCount "120"]

1. e4 c5 2. Nf3 e6 3. d4 cxd4 4. Nxd4 Nf6 5. Nc3 d6 6. g4 h6 7. Rg1 Be7 8. Be3
O-O 9. g5 hxg5 10. Bxg5 Qb6 11. Nb3 Nc6 12. Qd2 Ne5 13. Rg3 Nh5 14. Rh3 Bxg5
15. Qxg5 Nf6 16. f3 Ng6 17. O-O-O Bd7 18. Kb1 Rfc8 19. Qd2 d5 20. exd5 Nxd5 21.
Nxd5 exd5 22. Rg3 Ba4 23. Bd3 Bxb3 24. cxb3 Rc5 25. Rdg1 Rac8 26. Bxg6 fxg6 27.
Rxg6 Rc1+ 28. Qxc1 Rxc1+ 29. Kxc1 Qc7+ 30. Kb1 Qxh2 31. Rxg7+ Kf8 32. a4 Qf2
33. Rg8+ Ke7 34. R1g7+ Kd6 35. Rxb7 Kc6 36. Rf7 a5 37. Ka2 Qd2 38. Rf6+ Kc5 39.
Rb8 Kd4 40. Rb5 Ke3 41. Rf5 d4 42. Rxa5 d3 43. Ra8 Qc2 44. Rd8 d2 45. Rfd5 Kxf3
46. Rxd2 Qc6 47. a5 Qb7 48. R8d6 Qb5 49. a6 Kg3 50. R6d3+ Kf4 51. Rd4+ Ke3 52.
a7 Qb7 53. R2d3+ Ke2 54. Ra4 Qa8 55. Rd6 Ke3 56. Rb6 Kf2 57. Rb8 Qc6 58. a8=Q
Qd7 59. Rf4+ Ke2 60. Qe4+ 60... Kd1 {Hossa resigns} 1-0

[Event "ICS rated blitz match"]
[Site "207.99.83.229"]
[Date "1999.05.30"]
[Round "?"]
[White "jacdion"]
[Black "Hossa"]
[Result "1-0"]
[WhiteElo "2872"]
[BlackElo "2526"]
[PlyCount "104"]

1. e4 c6 2. d4 d5 3. Nd2 dxe4 4. Nxe4 Nd7 5. Ng5 e6 6. Bd3 Be7 7. N1f3 h6 8.
Ne4 Ngf6 9. Qe2 O-O 10. O-O Nxe4 11. Qxe4 Nf6 12. Qf4 Bd6 13. Ne5 Qe7 14. Bd2
Nh5 15. Qf3 Nf6 16. Rae1 Rb8 17. a4 Rd8 18. Qf4 Nd7 19. Qg3 Qf6 20. Re4 Bc7 21.
Rf4 Bxe5 22. dxe5 Qg5 23. Rg4 Qxd2 24. Rxg7+ Kf8 25. Rg8+ Ke7 26. Qh4+ f6 27.
exf6+ Nxf6 28. Rg7+ Kd6 29. Qxf6 Bd7 30. Qe7+ Kc7 31. Qxe6 Kc8 32. Qd6 h5 33.
Qc5 h4 34. Qxa7 Qb4 35. b3 h3 36. g3 Qf8 37. Qd4 Ra8 38. Be4 Be6 39. Qe5 Bd7
40. Rxd7 Rxd7 41. Bf5 Kd8 42. Bxd7 Kxd7 43. Rd1+ Kc8 44. Qe6+ Kb8 45. Qxh3 Qf6
46. g4 Kc7 47. Qg3+ Kb6 48. Qe3+ Ka6 49. a5 c5 50. Qxc5 Rd8 51. Rxd8 Qxd8 52.
f4 52... b5 {Hossa resigns} 1-0

[Event "ICS Rated blitz match"]
[Site "207.99.83.229"]
[Date "1999.05.30"]
[Round "?"]
[White "Hossa"]
[Black "Beadle"]
[Result "0-1"]
[WhiteElo "2522"]
[BlackElo "2628"]
[PlyCount "91"]

1. e4 Nc6 2. Nc3 Nf6 3. d4 d5 4. e5 Ne4 5. Nxe4 dxe4 6. Be3 e6 7. f3 Qd5 8. c4
Qa5+ 9. Kf2 exf3 10. Nxf3 Bd7 11. a3 Qb6 12. b4 Ne7 13. d5 Qa6 14. a4 exd5 15.
cxd5 Qg6 16. Bc5 b6 17. Bxe7 Bxe7 18. Rc1 Bxb4 19. Bd3 Qh5 20. Rxc7 Bc5+ 21.
Kf1 Qg4 22. Bc2 a5 23. h3 Qc4+ 24. Qe2 Qf4 25. d6 Bxa4 26. e6 O-O 27. e7 Rfb8
28. d7 Bxe7 29. Rc8+ Rxc8 30. dxc8=R+ Rxc8 31. Bxa4 Qxa4 32. Qxe7 Re8 33. Qd6
Qa1+ 34. Kf2 Qxh1 35. Qxb6 Qa1 36. Kg3 a4 37. Qb5 Rf8 38. h4 a3 39. Qb3 a2 40.
Kh2 Rd8 41. Qa3 Rb8 42. Qa7 Qb1 43. Ng5 a1=Q 44. Qxf7+ Kh8 45. Nf3 Qh1+ 46. Kg3
{Hossa resigns} 0-1

[Event "ICS rated blitz match"]
[Site "207.99.83.229"]
[Date "1999.05.30"]
[Round "?"]
[White "Hossa"]
[Black "SuperChicken"]
[Result "0-1"]
[WhiteElo "2511"]
[BlackElo "2730"]
[Annotator "Fritz 5.32 (22s)"]
[PlyCount "95"]

1. d4 1... d5 {Opening = D35 - 3.Nc3 Nf6(4.cd5 ed5 5.Bg5 c6 6.---)} 2. c4 e6 3.
Nc3 Nf6 4. cxd5 Nxd5 5. e4 Nxc3 6. bxc3 c5 7. Rb1 cxd4 8. Qxd4 $11 (8. cxd4 Nc6
9. Bb5 9... Bd7 $14) 8... Qxd4 $14 (8... Qa5 9. Qc4 Nc6 10. Nf3 $11) 9. cxd4
Nc6 10. Bb5 Bd7 11. Nf3 Bb4+ 12. Ke2 Bd6 13. d5 {Weiss engt den Gegner ein}
13... exd5 14. exd5 Nb4 15. Bxd7+ Kxd7 16. Ne5+ Bxe5 17. Rxb4 Rab8 18. Bf4
18... Bd6 {d5 ist sicher gestoppt} 19. Bxd6 Kxd6 20. Rd1 Rhe8+ 21. Kf1 Re7 22.
Ra4 Ra8 23. g4 $15 (23. Rh4 23... h6 $15) 23... Rc7 24. Kg2 Rc2 25. h4 a6 26.
g5 Rac8 27. a3 $17 (27. Kg3 27... Rb2 $15) 27... R2c4 28. Rxc4 Rxc4 29. Rd3
Rxh4 30. Kg3 Ra4 31. Kf3 (31. Rf3 f6 32. gxf6 gxf6 33. Rxf6+ Kxd5 34. Rf5+
34... Ke6 $19) 31... b6 32. Ke3 (32. Kg3 Ra5 33. Kf4 33... Rxd5 $19) 32... Rg4
33. g6 (33. Rc3 $19) 33... fxg6 34. Rd4 (34. f3 {die letzte Gegenchance} 34...
Rg5 35. Rc3 Rxd5 36. f4 $19) 34... Rxd4 {
Schwarz haelt das Heft fest in der Hand} 35. Kxd4 b5 36. Ke4 a5 37. Kd4 h5 38.
f3 h4 39. Ke3 Kxd5 40. f4 b4 41. a4 h3 42. Kf3 42... b3 {Droht Matt: b2} 43.
Kg3 Ke4 (43... b2 44. Kh4 b1=Q 45. Kg3 Ke4 46. f5 Qg1+ 47. Kxh3 gxf5 48. Kh4
Qg4#) 44. Kg4 h2 45. Kg5 h1=Q 46. Kxg6 46... Qh6+ $19 (46... b2 47. f5 b1=Q 48.
f6 Qh6+ 49. Kf7 Qb7+ 50. Kg8 Qc8+ 51. Kf7 Qxf6#) 47. Kf7 b2 48. Kg8 (48. Ke7 {
aendert den traurigen Lauf der Dinge nicht} 48... b1=Q 49. Ke8 Qb8+ 50. Ke7
Qhd6+ 51. Kf7 Qbf8#) 0-1

[Event "ICS rated blitz match"]
[Site "207.99.83.229"]
[Date "1999.05.30"]
[Round "?"]
[White "matar"]
[Black "Hossa"]
[Result "0-1"]
[WhiteElo "2175"]
[BlackElo "2504"]
[PlyCount "56"]

1. e4 Nc6 2. d4 e5 3. Nf3 exd4 4. Nxd4 Qh4 5. Nc3 Bb4 6. Ndb5 Qxe4+ 7. Be3
Bxc3+ 8. bxc3 Kd8 9. Qd2 Nf6 10. Bd3 Qxg2 11. O-O-O Qd5 12. Kb2 a6 13. Nd4 Ng4
14. Rhg1 d6 15. Bg5+ f6 16. Bh4 Nxd4 17. cxd4 Be6 18. c4 Qxd4+ 19. Kb1 Nxh2 20.
Rxg7 Qxh4 21. c5 Qa4 22. cxd6 Bxa2+ 23. Kb2 Qb3+ 24. Ka1 c6 25. Re1 Nf3 26.
Ree7 Nxd2 27. Rd7+ Ke8 28. Rge7+ 28... Kf8 {matar resigns} 0-1

[Event "ICS rated blitz match"]
[Site "207.99.83.229"]
[Date "1999.05.30"]
[Round "?"]
[White "Hossa"]
[Black "matar"]
[Result "1/2-1/2"]
[WhiteElo "2508"]
[BlackElo "2171"]
[PlyCount "120"]

1. d4 Nf6 2. Nf3 g6 3. Nc3 Bg7 4. e4 O-O 5. Bd3 d6 6. O-O Bg4 7. d5 c6 8. Bg5
cxd5 9. exd5 Nbd7 10. a3 Bxf3 11. Qxf3 Ne5 12. Qe2 Nxd3 13. Qxd3 Qd7 14. Rae1
Rfe8 15. f4 Rac8 16. f5 Qc7 17. fxg6 hxg6 18. Kh1 Nh7 19. Bd2 Qc4 20. Qf3 Nf6
21. Bg5 Qg4 22. Qxg4 Nxg4 23. Bxe7 Bxc3 24. bxc3 Rxc3 25. Bxd6 Rxe1 26. Rxe1
Rxc2 27. Bb4 Nf2+ 28. Kg1 Nd3 29. Rf1 Nxb4 30. axb4 Rd2 31. Ra1 a6 32. Re1 Rxd5
33. h3 Rb5 34. Re4 Kg7 35. h4 f5 36. Rd4 Kf6 37. g4 Ke5 38. Rc4 f4 39. h5 gxh5
40. gxh5 a5 41. bxa5 Rxa5 42. Rb4 b5 43. h6 Kf6 44. Rxf4+ Kg6 45. Rh4 Kh7 46.
Kf2 Ra6 47. Ke1 Rxh6 48. Rxh6+ Kxh6 49. Ke2 Kg6 50. Kd3 Kf6 51. Kd4 Ke6 52. Ke4
Kd6 53. Kd4 Kc6 54. Kc3 Kc5 55. Kb3 b4 56. Kc2 Kc4 57. Kb2 b3 58. Kb1 Kc3 59.
Kc1 b2+ 60. Kb1 60... Kb3 {Hossa stalemated} 1/2-1/2

[Event "ICS rated blitz match"]
[Site "207.99.83.229"]
[Date "1999.05.30"]
[Round "?"]
[White "jacdion"]
[Black "Hossa"]
[Result "1-0"]
[WhiteElo "2878"]
[BlackElo "2496"]
[PlyCount "110"]

1. e4 Nc6 2. d4 e5 3. dxe5 Nxe5 4. Nf3 Nxf3+ 5. Qxf3 Qf6 6. Qg3 Bd6 7. f4 Bb4+
8. c3 Bc5 9. Nd2 Ne7 10. Nb3 Bb6 11. f5 O-O 12. Bg5 Qc6 13. O-O-O f6 14. Bh6
Rf7 15. Bd3 Kh8 16. Bf4 Rf8 17. e5 Nd5 18. exf6 Nxf6 19. Be5 d6 20. Bd4 Bxd4
21. Nxd4 Qd5 22. Kb1 Bd7 23. Bc2 Qf7 24. Rhf1 Rae8 25. h3 Re5 26. Bb3 Qe7 27.
Qf4 Bc6 28. Nxc6 bxc6 29. g4 Re3 30. Be6 Rxh3 31. g5 Nh5 32. Qg4 Rh2 33. Rh1
Rxh1 34. Rxh1 g6 35. Qd4+ Qg7 36. f6 Nxf6 37. gxf6 Rxf6 38. Rxh7+ Kxh7 39. Qh4+
Qh6 40. Qxf6 Qh1+ 41. Kc2 Qe4+ 42. Kb3 a5 43. Ka3 Kh6 44. Bb3 Qe2 45. Qh8+ Kg5
46. Qd8+ Kh6 47. Qxc7 Qe5 48. Qxc6 Qe7 49. Ka4 Qe5 50. Qh1+ Kg7 51. Qd1 Kh6 52.
Qd4 Qe8+ 53. Kxa5 Qe2 54. c4 Qe6 55. c5 55... Qe1+ {Hossa resigns} 1-0

[Event "ICS rated blitz match"]
[Site "207.99.83.229"]
[Date "1999.05.30"]
[Round "?"]
[White "matar"]
[Black "Hossa"]
[Result "0-1"]
[WhiteElo "2261"]
[BlackElo "2493"]
[PlyCount "30"]

1. e4 d5 2. exd5 Qxd5 3. Nc3 Qa5 4. d4 Nf6 5. Bc4 Qb4 6. Bb3 Nc6 7. Nf3 Bg4 8.
d5 O-O-O 9. O-O Ne5 10. a3 Qa5 11. Bd2 Nxf3+ 12. gxf3 Bh3 13. Re1 Qa6 14. Ba4
Nxd5 15. Nxd5 15... Qg6+ {matar resigns} 0-1

[Event "ICS rated blitz match"]
[Site "207.99.83.229"]
[Date "1999.05.30"]
[Round "?"]
[White "Hossa"]
[Black "jacdion"]
[Result "0-1"]
[WhiteElo "2500"]
[BlackElo "2881"]
[PlyCount "87"]

1. e4 c5 2. Nf3 e6 3. d4 cxd4 4. Nxd4 Nf6 5. Nc3 d6 6. g4 h6 7. Rg1 Nc6 8. Be3
a6 9. Nxc6 bxc6 10. Qe2 d5 11. exd5 cxd5 12. O-O-O Bb7 13. Qf3 Nd7 14. g5 hxg5
15. Bxg5 f6 16. Bf4 g5 17. Bg3 Qe7 18. Qe2 f5 19. h3 f4 20. Bh2 Bg7 21. Qe1 Ne5
22. Bg2 Nc4 23. Rd3 Bc6 24. Nd1 Bf6 25. Rf3 e5 26. Bf1 e4 27. Rb3 a5 28. Kb1
Qc5 29. Bxc4 dxc4 30. Rc3 Rb8 31. Rf3 Kf7 32. Rc3 Qb4 33. Kc1 Bxc3 34. Qxc3
Qxc3 35. bxc3 Rxh3 36. Rxg5 Rxh2 37. Rxa5 e3 38. Rf5+ Ke6 39. Rxf4 Rb1+ 40.
Kxb1 e2 41. Ne3 e1=Q+ 42. Kb2 Rh1 43. Rxc4 Qa1+ 44. Ka3 {Hossa resigns} 0-1

[Event "ICS Rated blitz match"]
[Site "207.99.83.229"]
[Date "1999.05.30"]
[Round "?"]
[White "Hossa"]
[Black "Swingking"]
[Result "1-0"]
[WhiteElo "2497"]
[BlackElo "2355"]
[PlyCount "77"]

1. e4 e5 2. Nf3 Nc6 3. Bb5 a6 4. Ba4 Nf6 5. O-O b5 6. Bb3 Be7 7. d3 O-O 8. a4
Bb7 9. Nc3 b4 10. Nd5 d6 11. Qd2 a5 12. Nxe7+ Nxe7 13. Ng5 h6 14. Nf3 Ng6 15.
Qe1 c5 16. c4 Re8 17. Kh1 Bc8 18. Bd1 Nh7 19. Be2 Nhf8 20. Rg1 Bg4 21. Be3 Ne6
22. Qd2 Ngf4 23. Bd1 g5 24. Nxg5 Qxg5 25. f3 Bh5 26. g3 Qf6 27. gxf4+ Kh7 28.
f5 Nd4 29. Qg2 Rg8 30. Qh3 Rxg1+ 31. Bxg1 Qg5 32. Bxd4 cxd4 33. f4 Qxf4 34.
Bxh5 Rg8 35. Bxf7 Rg5 36. Rf1 Qd2 37. Bg6+ Kg8 38. f6 Qe3 39. Qc8# {
Swingking checkmated} 1-0